000
00236 a2200097 4500
001
32495
100
_a
Munro, Neil
245
_a
Symbolic Method in control system analysis and design
260
_a
London
_b
IEE
_c
090
_c
21763
_d
21763
942
_a
NUST-CAE
_c
M
_c
13073
999
_c
267568
_d
267568